| 000 | 01326nam0a22003371 4500 | ||
|---|---|---|---|
| 001 | rc\4240775 | ||
| 005 | 20250707151243.0 | ||
| 021 |
_aRU _b[60-15657] |
||
| 035 | _a(NLR Aleph) 008470102 | ||
| 090 |
_a7924133 _c7924133 |
||
| 100 | _a20130416d1960 |||y0rusy50 ca | ||
| 101 | 0 |
_ager _arus |
|
| 102 | _aRU | ||
| 105 | _ay e ||||| | ||
| 200 | 1 |
_aНемецко-русский артиллерийский словарь _fСост.: А.П. Артемов, В.Э.-Я. Авдей, Л.Г. Рохчина _gПод общ. ред. канд. техн. наук М.И. Дубнера и В.Л. Медера |
|
| 210 |
_aМосква _cВоениздат _d1960 |
||
| 215 |
_a436 с. _d21 |
||
| 300 | _aНа переплете сост. не указаны | ||
| 606 |
_aАртиллерия _jТерминологические словари _2psbo |
||
| 608 |
_aНемецко-русские словари _2psbo |
||
| 700 | 1 |
_aАртемов _bА. П. _gАлександр Петрович _4220 |
|
| 701 | 1 |
_aРохчина _bЛ. Г. _4220 |
|
| 701 | 1 |
_aАвдей _bВ. Э.-Я. _4220 |
|
| 702 | 1 |
_aДубнер _bМ. И. _4340 |
|
| 702 | 1 |
_aМедер _bВ. Л. _4340 |
|
| 801 | 0 |
_aRU _bNLR _gpsbo |
|
| 801 | 1 |
_aRU _bELAR _2rusmarc |
|
| 852 |
_aNLR _j186нем-рус/арт.А-18 |
||
| 942 | _cBOOK | ||
| 980 | _aNB | ||